1839 1008 1825 1229 1134 1431 1625 1189 1845 1905 1831 1731 1165 1065 1866 1157 1496 1028 1008 1090 1762 1103 1786 1196 1642 1580 1547 1974 1664 1312 1830 1234 1635 1646 1521 1786 1257 1669 1182 1674 1967 1296 1564 1226 1308 1758 1006 1463 1254 1284 1845 1057 1960 1145 1592 1967 1072 1072 1532 1865 1836 1978 1613 1484 1549 1643 1838 1496 1427 1940 1460 1578 1168 1169 1948 1541 1656 1626 1959 1136 1877 1902 1480 1512 1038 1927 1357 1031 1153 1225 1235 1885 1284 1160 1619 1750 1076 1210 1048 BCNSPRNW ULIB Ver.6.0+V

เปลี่ยนเป็นภาษาไทย

Change to English
 แสดงรายละเอียดบรรณานุกรม
  กลับหน้าหลัก

Brief Record : Get Marc (ISO 2709) : E-mail record : QR code < ปิดหน้าต่าง
LEADER : 00000nam 2200000uu 4500
001    13399128415
003     ULIB
008    230815s2565||||th 000 0 tha d
020 ^  ^a9786165905275 : ^c1490 บาท
060 0  ^aW13^bท572ภ
100 1  ^aเทย์, จอย.
245 1  ^aภาษาอังกฤษทางคลินิก แพทย์ & พยาบาล = ^bClinical english /^cJoy Tay ;บรรณาธิการ อรฤดี เสมาเงิน.
246 3  ^aภาษาอังกฤษทางคลินิก แพทย์ & พยาบาล
246 3  ^aClinical english
250 ^  ^aพิมพ์ครั้งที่ 2.
260 ^  ^aกรุงเทพฯ :^bสำนักพิมพ์จุฬาลงกรณ์มหาวิทยาลัย, ^c2565.
300 ^  ^a441 หน้า :^bภาพประกอบ ;^c21 ซม
650 ^  ^aการแพทย์^vคำศัพท์.
650 ^  ^aพยาบาล^vคำศัพท์.
650 ^  ^aแพทย์^vคำศัพท์.
650 ^  ^aภาษาอังกฤษ^xคำศัพท์.
650 ^  ^aภาษาอังกฤษ^xการใช้ภาษา.
650 ^  ^aภาษาอังกฤษ^xบทสนทนาและวลี (สำหรับบุคลากรทางการแพทย์).
650 ^  ^aภาษาอังกฤษเทคนิค.
650 ^  ^aภาษาอังกฤษ^xบทสนทนาและวลี.
700 0  ^aอรฤดี เสมาเงิน,^eบรรณาธิการ.
945    ^p1490^l0^i010127
999    ^aประนอม เกษจรัล
รายการนี้ยังไม่มีแท็ก
คุณยังไม่ได้ล็อกอิน คุณสามารถมีกิจกรรมร่วมกับเว็บไซต์ได้ แต่ต้องล็อกอินก่อน ::
  ล็อกอิน

รายการสื่อสารสนเทศ

ลำดับที่ ประเภท เลขเรียก/บาร์โค้ด สถานที่ สถานะ
1. วิทยาศาสตร์การแพทย์ และสุขภาพ
หนังสือสำรอง
สถานะ=หนังสือสำรอง
W13 ท572ภ ฉ.1 
  Barcode: 010127
ห้องสมุดวิทยาเขตสวรรค์ประชารักษ์
►หนังสือทั่วไป
บนชั้น

BibComment


ยังไม่เคยถูกคอมเมนท์

คอมเมนท์ทรัพยากรรายการนี้
  คอมเมนท์: ภาษาอังกฤษทางคลิ..


 Copyright 2026. Bcnsprnw @Library